<?xml version="1.0" encoding="UTF-8"?>
<marc:record xmlns:marc="http://www.loc.gov/MARC21/slim">
   <marc:leader>00000nam a2200000 a 4500</marc:leader>
   <marc:datafield ind1="1" ind2=" " tag="100">
      <marc:subfield code="a">Martin, Pierre</marc:subfield>
      <marc:subfield code="4">aut</marc:subfield>
      <marc:subfield code="e">Verfasser/-in</marc:subfield>
   </marc:datafield>
   <marc:datafield ind1=" " ind2=" " tag="653">
      <marc:subfield code="a">Frankreich</marc:subfield>
   </marc:datafield>
   <marc:datafield ind1=" " ind2=" " tag="653">
      <marc:subfield code="a">Krimi</marc:subfield>
   </marc:datafield>
   <marc:datafield ind1=" " ind2=" " tag="653">
      <marc:subfield code="a">Kriminalroman</marc:subfield>
   </marc:datafield>
   <marc:datafield ind1=" " ind2=" " tag="653">
      <marc:subfield code="a">Liebesbeziehung</marc:subfield>
   </marc:datafield>
   <marc:datafield ind1=" " ind2=" " tag="653">
      <marc:subfield code="a">Provence</marc:subfield>
   </marc:datafield>
   <marc:datafield ind1="0" ind2="0" tag="245">
      <marc:subfield code="a">Madame le Commissaire und der tote Liebhaber</marc:subfield>
   </marc:datafield>
   <marc:datafield ind1="0" ind2="0" tag="245">
      <marc:subfield code="b">ein Provence-Krimi; 6</marc:subfield>
   </marc:datafield>
   <marc:datafield ind1=" " ind2="1" tag="264">
      <marc:subfield code="b">Knaur</marc:subfield>
      <marc:subfield code="c">2019</marc:subfield>
   </marc:datafield>
   <marc:datafield ind1="1" ind2=" " tag="490">
      <marc:subfield code="a">Isabelle Bonnet</marc:subfield>
   </marc:datafield>
   <marc:datafield ind1="1" ind2=" " tag="520">
      <marc:subfield code="a">Klappentext: Untermalt vom Summen der Zikaden und Lavendelduft gleiten die Tage in Fragolin in der Provence friedlich vorüber. Bis das Undenkbare geschieht und das Städtchen jäh aus dem sanften Sommerschlummer reißt: Eines Morgens findet man den Bürgermeister Thierry - tot, mit durchschnittener Kehle. Zwar waren er und Kommissarin Isabelle Bonnet schon länger kein Paar mehr, dennoch trifft sein Tod Isabelle zutiefst. Dabei werden gerade jetzt die Fähigkeiten von Madame le Commissaire gebraucht, denn am Tatort gibt es keine brauchbaren Spuren. Und wer sollte schon einen Grund gehabt haben, den beliebten Bürgermeister zu ermorden? Ihre Nachforschungen führen Isabelle zum Tatort nach Sanary-sur-Mer, jenem Küstenort, in dem in den Dreißiger und Vierziger Jahren viele deutsche Künstler und Intellektuelle Zuflucht gefunden haben.</marc:subfield>
   </marc:datafield>
   <marc:datafield ind1=" " ind2=" " tag="020">
      <marc:subfield code="a">9783426521984</marc:subfield>
      <marc:subfield code="9">9783426521984</marc:subfield>
   </marc:datafield>
</marc:record>
